000
00296nam a2200121Ia 4500
008
220216s9999 xx 000 0 und d
100
_a
Young D
245
0
_a
Latex foam at the triennale di milano
260
_b
Rubber Developments
_c
1957
300
_a
66-73
650
_a
Latex foam
942
_c
JS
999
_c
62030
_d
62030